Investment Incentives and Effective Tax Rates in the Philippines : A Comparison With Neighboring Countries /

We compare the general tax provisions and investment incentives in the Philippines to six other east-Asian economies-Malaysia, Indonesia, Lao, Vietnam, Cambodia, and Thailand. We calculate effective tax rates and find that general effective tax rates are relatively high in the Philippines, while inv...

Deskribapen osoa

Xehetasun bibliografikoak
Egile nagusia: Klemm, Alexander
Beste egile batzuk: Baqir, Reza, Botman, Dennis
Formatua: Aldizkaria
Hizkuntza:English
Argitaratua: Washington, D.C. : International Monetary Fund, 2008.
Saila:IMF Working Papers; Working Paper ; No. 2008/207
Sarrera elektronikoa:Full text available on IMF
LEADER 02117cas a2200265 a 4500
001 AALejournalIMF005292
008 230101c9999 xx r poo 0 0eng d
020 |c 5.00 USD 
020 |z 9781451870657 
022 |a 1018-5941 
040 |a BD-DhAAL  |c BD-DhAAL 
100 1 |a Klemm, Alexander. 
245 1 0 |a Investment Incentives and Effective Tax Rates in the Philippines :   |b A Comparison With Neighboring Countries /  |c Alexander Klemm, Dennis Botman, Reza Baqir. 
264 1 |a Washington, D.C. :  |b International Monetary Fund,  |c 2008. 
300 |a 1 online resource (34 pages) 
490 1 |a IMF Working Papers 
500 |a <strong>Off-Campus Access:</strong> No User ID or Password Required 
500 |a <strong>On-Campus Access:</strong> No User ID or Password Required 
506 |a Electronic access restricted to authorized BRAC University faculty, staff and students 
520 3 |a We compare the general tax provisions and investment incentives in the Philippines to six other east-Asian economies-Malaysia, Indonesia, Lao, Vietnam, Cambodia, and Thailand. We calculate effective tax rates and find that general effective tax rates are relatively high in the Philippines, while investment incentives are comparable to those in neighboring countries. Tax holidays are most attractive for very profitable firms, creating redundancy, and for investment in short-lived assets. We also consider recently-proposed tax reforms that would replace tax holidays by a reduced corporate income tax rate or a low tax on gross receipts. The results suggest that this would result in stronger incentives to invest, while government revenue increases. Alternatively, replacing holidays with a general reduction in the corporate tax rate and offering accelerated depreciation will either not provide the same incentives or be very costly. 
538 |a Mode of access: Internet 
700 1 |a Baqir, Reza. 
700 1 |a Botman, Dennis. 
830 0 |a IMF Working Papers; Working Paper ;  |v No. 2008/207 
856 4 0 |z Full text available on IMF  |u http://elibrary.imf.org/view/journals/001/2008/207/001.2008.issue-207-en.xml  |z IMF e-Library